|
|
|
|
| LEADER |
00956nam a2200253 a 4500 |
| 001 |
14626 |
| 003 |
BD-DhAAL |
| 008 |
090824s1996 si 000 0 eng d |
| 999 |
|
|
|c 8379
|d 8379
|
| 020 |
|
|
|a 9810227191
|
| 040 |
|
|
|a UkCU
|b eng
|c UkCU
|d BD-DhAAL
|
| 082 |
0 |
4 |
|a 519.40285513
|2 20
|
| 245 |
1 |
4 |
|a Numerical analysis /
|c edited by D.F. Griffiths & G.A. Watson
|
| 260 |
|
|
|a Singapur :
|b World Scientific,
|c c1996.
|
| 300 |
|
|
|a ix, 370 pages :
|b illustrations ;
|c 25 cm.
|
| 500 |
|
|
|a AR Mitchell 75th Birthday volume.
|
| 504 |
|
|
|a Includes bibliographical references.
|
| 541 |
1 |
|
|e 00014626
|
| 650 |
|
0 |
|a Numerical analysis
|v Congresses.
|9 40349
|
| 700 |
1 |
|
|a Griffiths, D. F.
|9 40350
|
| 700 |
1 |
|
|a Watson,G.A.
|9 40351
|
| 852 |
4 |
|
|a Ayesha Abed Library
|j General Stacks
|
| 942 |
|
|
|2 ddc
|c BK
|
| 952 |
|
|
|0 0
|1 0
|2 ddc
|4 0
|6 519_402855130000000_NUM_1996
|7 0
|9 9728
|a BRACUL
|b BRACUL
|c GEN
|d 2010-05-04
|l 1
|m 5
|o 519.40285513 NUM
|p 3010014626
|r 2025-03-16
|s 2025-02-11
|t 1
|w 2010-05-04
|y BK
|